• 首页
  • 本馆介绍
  • 公告通知
  • 最新文献
  • 馆藏检索
  • 电子资源
  • 读者导购
  • 参考咨询
  • 我的图书馆
  • 登录
  • 详细信息显示
  • 放入我的书架
  • 预约/预借图书
  • 作者相关作品
  • 分类相关作品
  • 丛书相关作品
  • 出版社相关作品

书目信息

  • 表格格式
  • 工作单格式
  • 卡片格式
题名:
甲基营养和甲烷形成
    
 
作者: 拉奇 , Large 著 ;许宝孝 译
分册:  
出版信息: 北京   科学出版社  1987
页数: 120页
开本: 19cm
丛书名:
单 册:
中图分类: Q936 , Q5
科图分类:
主题词: 微生物-生物化学 , 生物化学-微生物 , 产甲烷细菌 , 甲基-微生物营养 , 微生物营养-甲基
电子资源:
ISBN:
000 00995nam0 2200349 45
001 0187010620
005 20040701090553.1
010    @dCNY1.00
091    @a13031.3453
100    @a19900912d1987 emky0chiy0121 ea
101 1  @achi@ceng
102    @aCN@b110000
105    @af z 000yy
106    @ar
200 10 @a甲基营养和甲烷形成@Ajia ji ying yang he jia wan xing cheng@f(英)拉奇(Large,P.J.)著@g许宝孝译
210    @a北京@c科学出版社@d1987
215    @a120页@c图@d19cm
300    @a书名原文: Methylotrophy and methanogenesis
510 1  @aMethylotrophy and methanogenesis@zeng
606    @a微生物-生物化学
606    @a生物化学-微生物
606    @a产甲烷细菌
606    @a甲基-微生物营养
606    @a微生物营养-甲基
690    @aQ936@v3
690    @aQ5@v3
701  1 @a拉奇@Ala ji@bP.J.@4著
701 A1 @aLarge@bP.J.@4著
702  0 @a许宝孝@Axu bao xiao@4译
801  0 @aCN@b深圳图书馆@c20040525
801  2 @aCN@bNLC@c20040525
905    @dQ5@e47@f1@b216345
    
    甲基营养和甲烷形成/(英)拉奇(Large,P.J.)著/许宝孝译.-北京:科学出版社,1987
    120页:图;19cm
    书名原文: Methylotrophy and methanogenesis
    
    ISBN :CNY1.00
    
●
相关链接 在E读中查询图书 在五车中查询图书 在当当中查询图书 在豆瓣中查询图书


正题名:甲基营养和甲烷形成     索取号:Q5/47         预约/预借

序号 登录号 条形码 馆藏地/架位号 状态 备注
1 0216345   001942848   第三借阅区/ [索取号:Q5/47] 在馆    
2 0216346   000076241   第三借阅区/ [索取号:Q5/47] 在馆    
3 0216347   000703206   第二样本阅览室/ [索取号:Q5/47] 在馆    
唐山师范学院图书馆 欢迎您!
大连网信软件有限公司© 版权所有